biology - Statistics

General Stats
  • This quiz has been taken 21 times
  • The average score is 4 of 12
Answer Stats
Picture Answer % Correct
arm
75%
fine adjustment knob
50%
stage clips
50%
base
25%
body tube
25%
coarse adjustment knob
25%
diaphragm
25%
light source
25%
objectives
25%
ocular lens (eyepiece)
25%
revolving nosepiece
25%
stage
25%
No matching quizzes found
Score Distribution
Percent of People with Each Score
Percentile by Number Answered
Your Score History
You have not taken this quiz